Finding a way forward (Record no. 117730)
[ view plain ]
| 000 -LEADER | |
|---|---|
| fixed length control field | 01377cam a2200253 4500 |
| 001 - CONTROL NUMBER | |
| control field | ABS68073 |
| 008 - FIXED-LENGTH DATA ELEMENTS--GENERAL INFORMATION | |
| fixed length control field | 040720n2004 000 0 eng u |
| 035 ## - SYSTEM CONTROL NUMBER | |
| System control number | (Sirsi) u126847 |
| 100 ## - MAIN ENTRY--PERSONAL NAME | |
| Personal name | Leeson, J. |
| 245 ## - TITLE STATEMENT | |
| Title | Finding a way forward |
| 260 ## - PUBLICATION, DISTRIBUTION, ETC. | |
| Date of publication, distribution, etc. | 2004 |
| 490 ## - SERIES STATEMENT | |
| Series statement | Wastes Management |
| Volume/sequential designation | July 2004, 26-27(2) |
| 520 ## - SUMMARY, ETC. | |
| Summary, etc. | The pollution prevention and control regime is significantly different from the previous waste management licensing regime, particularly in the way that landfill installations are defined. Looks at some of the issues faced by landfill operators applying for permits under the new regime. Applications now have to include risk assessments on hydrogeology, stability, landfill gas, nuisance, health and habitats. In particular whole landfill sites must comply with the Groundwater Regulations 1998. Considers the Environment Agency's (EA) guidance in dealing with the different situations presented by landfill sites where the EA accepts that not all areas of an existing site can be re-engineered to meet the regulations. |
| 590 ## - LOCAL NOTE (RLIN) | |
| Local note | ABS |
| 590 ## - LOCAL NOTE (RLIN) | |
| Local note | ABS |
| 650 ## - SUBJECT ADDED ENTRY--TOPICAL TERM | |
| Topical term or geographic name entry element | POLLUTION PREVENTION AND CONTROL REGULATIONS 2000 |
| 650 ## - SUBJECT ADDED ENTRY--TOPICAL TERM | |
| Topical term or geographic name entry element | LANDFILL SITES |
| 650 ## - SUBJECT ADDED ENTRY--TOPICAL TERM | |
| Topical term or geographic name entry element | WASTE MANAGEMENT SITES |
| 650 ## - SUBJECT ADDED ENTRY--TOPICAL TERM | |
| Topical term or geographic name entry element | Contamination |
| 9 (RLIN) | 6231 |
| 650 ## - SUBJECT ADDED ENTRY--TOPICAL TERM | |
| Topical term or geographic name entry element | GROUNDWATER |
| 650 ## - SUBJECT ADDED ENTRY--TOPICAL TERM | |
| Topical term or geographic name entry element | GROUNDWATER REGULATIONS 1998 |
| 690 ## - LOCAL SUBJECT ADDED ENTRY--TOPICAL TERM (OCLC, RLIN) | |
| Topical term or geographic name as entry element | WASTE MANAGEMENT |
| 942 ## - ADDED ENTRY ELEMENTS (KOHA) | |
| Suppress in OPAC | 0 |
| Withdrawn status | Lost status | Source of classification or shelving scheme | Damaged status | Not for loan | Home library | Current library | Shelving location | Date acquired | Total Checkouts | Full call number | Barcode | Date last seen | Copy number | Price effective from | Koha item type |
|---|---|---|---|---|---|---|---|---|---|---|---|---|---|---|---|
| Dewey Decimal Classification | London | London | Journal article | 20/07/2004 | ABS68073 | 126847-1001 | 06/08/2019 | 1 | 06/08/2019 | Journal article |